5-Letter Greek Letters Quiz Stats

 Plays Quiz Updated May 22, 2018

Score 0/7 Timer 01:30
3 Plays Today
English % Correct
alpha
98.1%
delta
89.5%
gamma
89.1%
omega
88.3%
kappa
75.4%
theta
70.6%
sigma
61.1%

You're not logged in!

Compare scores with friends on all Sporcle quizzes.
OR
Log In

Sporcle TV

Today on Sporcle TV


Watch our educational content, quiz creation guides, and fun videos on Sporcle TV.

Show Comments

Extras

Top Quizzes Today


Score Distribution

Your Account Isn't Verified!

In order to create a playlist on Sporcle, you need to verify the email address you used during registration. Go to your Sporcle Settings to finish the process.

Report this User

Report this user for behavior that violates our Community Guidelines.

Details: